Formule 1 - Records des écuries - Statistiques

Statistiques générales
  • Ce quiz a été pris 66 fois
  • Le résultat moyen est 5 sur 8
Statistiques - réponses
Record Chiffre Réponse % Correct
Plus grand nombre de titres mondiaux 16 Ferrari
98%
Plus grand nombre de titres mondiaux consécutifs 8 Mercedes
98%
Plus grand nombre de départs 1 126 Ferrari
97%
Plus grand nombre de victoires dans une saison 21 Red Bull
95%
Plus grand nombre de victoires 248 Ferrari
90%
Plus grand nombre de départs sans victoire 373 Sauber
28%
Plus grand nombre de points sans victoire 1 039 Force India
12%
Plus grand nombre de podiums sans victoire 15 BAR
5%
Aucun quiz correspondant
Distribution des résultats
% des personnes avec chaque résultat
Percentile par nombre de réponses
Votre historique - résultats
Vous n’avez pas pris ce quiz